000 01034nam0a22002411 4500
001 rc\341974
005 20030307123140.7
035 _a(NLR Aleph) 005583814
090 _a6140335
_c6140335
100 _a20030307d1989 u |0rusy50 ca
101 0 _arus
102 _aRU
105 _aa |||||||||
200 1 _aРасчет и проектирование патронов для нарезания резьбы метчиками на станках с ЧПУ
_e[Метод. рекомендации]
_fВсесоюз. н.-и. инструм. ин-т
_g[Сост. Е.Г. Королев]
210 _aМ.
_cВНИИ информ. и техн.-экон. исслед. по машиностроению и роботехнике
_d1989
215 _a18, [1] с.
_cил.
_d22
702 1 _aКоролев
_bЕ. Г.
_4220
712 0 2 _aВсесоюзный н.-и. инструментальный ин-т
_3RU\NLR\AUTH\883581
801 0 _aRU
_bNLR
_gpsbo
801 1 _aRU
_bELAR
_2rusmarc
852 _aNLR
_j89-6/284
942 _cBOOK
980 _aNB